• 首页
  • 本馆介绍
  • 公告通知
  • 最新文献
  • 馆藏检索
  • 电子资源
  • 读者导购
  • 参考咨询
  • 我的图书馆
  • 登录
  • 详细信息显示
  • 放入我的书架
  • 预约/预借图书
  • 作者相关作品
  • 分类相关作品
  • 丛书相关作品
  • 出版社相关作品

书目信息

  • 表格格式
  • 工作单格式
  • 卡片格式
题名:
跟鬼谷子学立世谋略
    
 
作者: 刘广云 编著
分册:  
出版信息: 北京   中国城市出版社  2013.01
页数: 240页
开本: 24cm
丛书名:
单 册:
中图分类: B228.02
科图分类:
主题词: 纵横家 , 《鬼谷子》--通俗读物
电子资源:
ISBN: 978-7-5074-2723-3
000 00816nam0 2200241 45
001 1360095749
005 20130530094649.43
010    @a978-7-5074-2723-3@dCNY30.00
100    @a20130513d2013 em y0chiy50 ea
101 0  @achi
102    @aCN@b110000
105    @ay z 000yy
106    @ar
200 1  @a跟鬼谷子学立世谋略@AGen Gui Gu Zi Xue Li Shi Mou Lue@f刘广云编著@FLiu Guang Yun Bian Zhu
210    @a北京@c中国城市出版社@d2013.01
215    @a240页@d24cm
330    @a本书用政治、经济、军事、外交、职场以及日常生活中的故事来解说,通过理论与案例的生动讲述,全面再现人纵横捭阖策略在历史生活中的具体运用等。
606 0  @a纵横家
606 0  @a《鬼谷子》@j通俗读物
690    @aB228.02@v5
701  0 @a刘广云@ALiu Guang Yun@4编著
801    @aCN@bTANGWEI@c20130522
905    @b0834134-39@dB228.02@e440@f6
    
    跟鬼谷子学立世谋略/刘广云编著.-北京:中国城市出版社,2013.01
    240页;24cm
    
    
    ISBN 978-7-5074-2723-3:CNY30.00
    本书用政治、经济、军事、外交、职场以及日常生活中的故事来解说,通过理论与案例的生动讲述,全面再现人纵横捭阖策略在历史生活中的具体运用等。
●
相关链接 在E读中查询图书 在五车中查询图书 在当当中查询图书 在豆瓣中查询图书


正题名:跟鬼谷子学立世谋略     索取号:B228.02/440         预约/预借

序号 登录号 条形码 馆藏地/架位号 状态 备注
1 0834134   208341347   第一样本阅览室/ [索取号:B228.02/440] 在馆    
2 0834135   208341356   第一借阅区/ [索取号:B228.02/440] 在馆    
3 0834136   208341365   第一借阅区/ [索取号:B228.02/440] 在馆    
4 0834137   208341374   第一借阅区/ [索取号:B228.02/440] 在馆    
5 0834138   208341383   第一借阅区/ [索取号:B228.02/440] 在馆    
6 0834139   208341392   第一借阅区/ [索取号:B228.02/440] 在馆    
唐山师范学院图书馆 欢迎您!
大连网信软件有限公司© 版权所有